Finite mathematics with applications /
Guardado en:
| Autor Principal: | |
|---|---|
| Otros Autores: | |
| Formato: | Libro |
| Idioma: | English |
| Publicado: |
New York :
Macmillan,
c1971.
|
| Materias: | |
| Etiquetas: |
Agregar Etiqueta
Sin Etiquetas, Sea el primero en etiquetar este registro!
|
| LEADER | 00790cam a22002295a 4500 | ||
|---|---|---|---|
| 001 | EIQ.libpla000271 | ||
| 008 | 710301s1971####nyua##########001#0#eng#d | ||
| 005 | 20060511164555.0 | ||
| 245 | 1 | 0 | |a Finite mathematics with applications / |c A. W. Goodman, J. S. Ratti. |
| 260 | |a New York : |b Macmillan, |c c1971. | ||
| 300 | |a xiv, 490 p. : |b il. (principalmente col.) ; |c 24 cm. | ||
| 500 | |a Incluye índice. | ||
| 100 | 1 | |a Goodman, A. W. |q (Adolph Winkler), |d 1915- | |
| 700 | 1 | |a Ratti, J. S. | |
| 082 | 0 | 0 | |a 510 |
| 650 | 4 | |a Matemáticas finitas |x Aplicaciones. | |
| 650 | 4 | |a Programación lineal |x Teoría. | |
| 650 | 4 | |a Finite mathematics |x Applications. | |
| 650 | 4 | |a Linear programming |x Theory. | |
| 010 | |a 72119146 | ||
| 040 | |a DLC |c DLC |d AR-BbSID | ||
| 859 | |a AR-BbSID |b BIB. PLAPIQUI |h 510 |i Go 534 |p 2595 | ||
